01333nam a2200349Ia 4500001001200000003000800012006001900020007001500039008004100054010001700095020001500112020001500127020001800142020001800160020001800178040002100196035002100217050002700238082001900265100002100284245008700305260008600392300002400478504005900502533015200561650004400713650003700757655002900794710001700823856012600840999001700966ebr10567085CaPaEBRm u cr cn|||||||||010709s2000 enka sb 001 0 eng d z 2001271805 z0761954740 z0761954759 z9780761954743 z9780761954750 z9781446264058 aCaPaEBRcCaPaEBR a(OCoLC)79783589114aLC5225.P78bL39 2000eb04a374/.001/92211 aLawrence, Denis.10aBuilding self-esteem with adult learnersh[electronic resource] /cDenis Lawrence. aLondon :bPaul Chapman Pub. ;aThousand Oaks, Calif. :bSAGE Publications,c2000. axix, 104 p. :bill. aIncludes bibliographical references (p.101) and index. aElectronic reproduction.bPalo Alto, Calif. :cebrary,d2011.nAvailable via World Wide Web.nAccess may be limited to ebrary affiliated libraries. 0aAdult educationxPsychological aspects. 0aSelf-esteemxStudy and teaching. 7aElectronic books.2local2 aebrary, Inc.40uhttp://site.ebrary.com/lib/rucke/Doc?id=10567085zAn electronic book accessible through the World Wide Web; click to view c93198d93198